| 000 | 00380nam a22001217a 4500 | ||
|---|---|---|---|
| 008 | 250311b |||||||| |||| 00| 0 eng d | ||
| 020 | _a9781602234260 | ||
| 050 |
_aQH31 _b.S36 |
||
| 100 | _aSchoen John | ||
| 245 | _aTongass Odyssey Seeing the Forest Ecosystem through the Politics of Trees.A Biologist's Memoir | ||
| 260 |
_aFaibanks _c2020 _bUniversity of Alaska Press |
||
| 942 | _cBK | ||
| 999 |
_c2219 _d2219 |
||